000 00774nas a2200277 4500
001 BR2012002375
003 BR-BrBNA
005 20231205120405.0
007 ta
008 230509b bl.|||p| |||| 00| 00por d
040 _aBR-BrBNA
_bpor
_cBiblioteca Nacional de Agricultura
041 _a(En)
072 _aF03
100 1 _aPeske, F.B.
100 1 _aNovembre, A.D.L.C.
245 1 _aPearl millet seed pelleting
650 _aMILHETO
650 _aCEREAL
650 _aSEMENTE
650 _aPELETIZAÇÃO
650 _aTRATAMENTO DE SEMENTE
650 _aGERMINAÇÃO
773 0 _tRevista Brasileira de Sementes (Brazil)
_xISSN 0101-3122
_g(Jun 2011), v. 33(2) p. 352-362
_wBR2012002375
909 _a202311
_bLúcia
_c55
_dLúcia Elande
942 _2AGRIS
_n0
_cANA
999 _c218265
_d218265